| 000 | 00507nam a2200157Ia 4500 | ||
|---|---|---|---|
| 005 | 20250424120237.0 | ||
| 008 | 250424s9999 xx 000 0 und d | ||
| 022 | _aT 173.Y6778 .F43/ | ||
| 050 | _aFuty news | ||
| 245 | 0 | _aYola | |
| 260 | _aInformation and Protocol Unit, VC's Office, Federal University of Technology | ||
| 260 | _b2011 | ||
| 260 | _cv. , 41 p. : ill. ; 30 cm. | ||
| 300 | _aFederal University of Technology, Yola--Periodicals. Technical education--Nigeria--Periodicals. | ||
| 650 | _aSR | ||
| 999 |
_c38209 _d38209 |
||